Formula One Champions - Statistics

General Stats
  • This quiz has been taken 82 times
    38 since last reset
  • The average score is 70 of 76
Answer Stats
Year Country of Origin Team Champion % Correct
2025 United Kingdom McLaren Lando Norris
100%
2008 United Kingdom McLaren Lewis Hamilton
100%
2014 United Kingdom Mercedes Lewis Hamilton
100%
2015 United Kingdom Mercedes Lewis Hamilton
100%
2017 United Kingdom Mercedes Lewis Hamilton
100%
2018 United Kingdom Mercedes Lewis Hamilton
100%
2019 United Kingdom Mercedes Lewis Hamilton
100%
2020 United Kingdom Mercedes Lewis Hamilton
100%
2021 Netherlands Red Bull Max Verstappen
100%
2022 Netherlands Red Bull Max Verstappen
100%
2023 Netherlands Red Bull Max Verstappen
100%
2024 Netherlands Red Bull Max Verstappen
100%
1994 Germany Benetton Michael Schumacher
100%
1995 Germany Benetton Michael Schumacher
100%
2000 Germany Ferrari Michael Schumacher
100%
2001 Germany Ferrari Michael Schumacher
100%
2002 Germany Ferrari Michael Schumacher
100%
2003 Germany Ferrari Michael Schumacher
100%
2004 Germany Ferrari Michael Schumacher
100%
1998 Finland McLaren Mika Hakkinen
100%
1999 Finland McLaren Mika Hakkinen
100%
1975 Austria Ferrari Niki Lauda
100%
1977 Austria Ferrari Niki Lauda
100%
1984 Austria McLaren Niki Lauda
100%
1985 France McLaren Alain Prost
97%
1986 France McLaren Alain Prost
97%
1989 France McLaren Alain Prost
97%
1993 France Williams Alain Prost
97%
1988 Brazil McLaren Ayrton Senna
97%
1990 Brazil McLaren Ayrton Senna
97%
1991 Brazil McLaren Ayrton Senna
97%
1996 United Kingdom Williams Damon Hill
97%
2005 Spain Renault Fernando Alonso
97%
2006 Spain Renault Fernando Alonso
97%
1962 United Kingdom BRM Graham Hill
97%
1968 United Kingdom Lotus Graham Hill
97%
2009 United Kingdom Brawn Jenson Button
97%
1951 Argentina Alfa Romeo Juan Manuel Fangio
97%
1954 Argentina Mercedes/Maserati Juan Manuel Fangio
97%
1955 Argentina Mercedes Juan Manuel Fangio
97%
1956 Argentina Ferrari Juan Manuel Fangio
97%
1957 Argentina Maserati Juan Manuel Fangio
97%
1982 Finland Willams Keke Rosberg
97%
2007 Finland Ferrari Kimi Raikkonen
97%
2016 Germany Mercedes Nico Rosberg
97%
1961 United States of America Ferrari Phil Hill
97%
2010 Germany Red Bull Sebastian Vettel
97%
2011 Germany Red Bull Sebastian Vettel
97%
2012 Germany Red Bull Sebastian Vettel
97%
2013 Germany Red Bull Sebastian Vettel
97%
1980 Australia Williams Alan Jones
91%
1976 United Kingdom McLaren James Hunt
91%
1981 Brazil Brabham Nelson Piquet
91%
1983 Brazil Brabham Nelson Piquet
91%
1987 Brazil Williams Nelson Piquet
91%
1959 Australia Cooper Jack Brabham
88%
1960 Australia Cooper Jack Brabham
88%
1966 Australia Brabham Jack Brabham
88%
1992 United Kingdom Williams Nigel Mansell
88%
1952 Italy Ferrari Alberto Ascari
85%
1953 Italy Ferrari Alberto Ascari
85%
1963 United Kingdom Lotus Jim Clark
85%
1965 United Kingdom Lotus Jim Clark
85%
1978 United States Lotus Mario Andretti
85%
1950 Italy Alfa Romeo Giuseppe Farina
82%
1972 Brazil Lotus Emerson Fittipaldi
79%
1974 Brazil McLaren Emerson Fittipaldi
79%
1969 United Kingdom Matra Jackie Stewart
79%
1971 United Kingdom Tyrrell Jackie Stewart
79%
1973 United Kingdom Tyrrell Jackie Stewart
79%
1970 Austria Lotus Jochen Rindt
74%
1964 United Kingdom Ferrari John Surtees
74%
1967 New Zealand Brabham Denny Hulme
71%
1958 United Kingdom Ferrari Mike Hawthorn
71%
1997 Canada Williams Jacque Villenueve
29%
1979 South Africa Ferrari Jody Sheckter
12%
No matching quizzes found
Score Distribution
Percent of People with Each Score
Percentile by Number Answered
Your Score History
You have not taken this quiz since the last reset